000 00639nam a22001937a 4500
003 OSt
005 20250716070637.0
008 250716b |||||||| |||| 00| 0 eng d
020 _a978-971-9654-02-5.
040 _aDWCL - Main lib
_cOC
082 _aFil. 641.5 Ja11c 2015
100 _aJavier-Reyes, Ruth Estrada
245 _aCulinary arts/
_cRuth Estrada Javier-Reyes
260 _aIntramuros, Manila :
_bUnlimitted Books Library Servicesand Publishing, Inc.
300 _aviii, 238 pages :
_b illustrations ;
_c26 cm.
504 _aIncludes bibliographical references.
650 _a1. Cooking.
942 _2ddc
_cBK - FIL
_kFil.
_n0
999 _c3714
_d3714